Inovatívnosť malých a stredných podnikov

Na minha lista:
Detalhes bibliográficos
Autor principal: Strižencová, Michaela
Formato: Livro
Idioma:eslovaco
Publicado em: Bratislava Ekonomická univerzita, VÚNH 1999
Colecção:Diskusné materiály
Assuntos:
Tags: Adicionar Tag
Sem tags, seja o primeiro a adicionar uma tag!

MARC

LEADER 00000nam a2200000 4500
001 c123704
005 20221123132925.1
022 |a 1335-1346 
041 0 |a slo 
044 |a SK 
245 1 0 |a Inovatívnosť malých a stredných podnikov  |c Michaela Strižencová 
264 1 |a Bratislava  |b Ekonomická univerzita, VÚNH  |c 1999 
300 |a 16 s. 
490 1 |a Diskusné materiály 
830 0 |a Diskusné materiály 
610 2 0 |a podnikanie drobné 
610 2 0 |a podnikanie malé 
610 2 0 |a podnikanie stredné 
610 2 0 |a inovácia 
610 2 0 |a úspech pracovný 
610 2 0 |a prosperita ekonomická 
610 2 0 |a podnik malý 
610 2 0 |a podnik stredný 
610 2 0 |a podnik veľký 
610 2 0 |a financovanie 
100 1 |a Strižencová, Michaela